000
00295nam a22001337a 4500
008
171106b xxu||||| |||| 00| 0 eng d
020
_a
9780471570646
041
_a
eng
080
_2
3 ED
_a
330.
100
_a
61
101
_a
KON
245
_a
ACCOUTING PRINCIPLES
_c
KELL.K
942
_2
udc
_c
BK
999
_c
37875
_d
37875